| 000 | 00830nam a2200253 i 4500 | ||
|---|---|---|---|
| 001 | bg | ||
| 100 | 1 | _aTARAS, Eugeniusz. | |
| 245 | 1 | 0 |
_aUrządzenia telekomutacyjne : _bpodręcznik dla technikum. _nCz. 1, / _cEugeniusz Taras |
| 260 |
_aWarszawa : _bWydawnictwa Szkolne i Pedagogiczne, _c1994. |
||
| 300 |
_a179, [1] s., [2] k. tabl. luz. : _bil. ; _c24 cm. |
||
| 521 | _aPodręcznik dla uczniów technikum, zawód: technik telekomunikacji. | ||
| 650 | 9 | _aTelekomunikacja | |
| 650 | 9 | _aTelefonia | |
| 655 | _aPodręczniki dla szkół zawodowych | ||
| 020 | _a8302054593 (cz. 1) | ||
| 020 | _a8302054585 (całość) | ||
| 040 | _cBPK | ||
| 041 | 0 | _apol | |
| 080 | _a621.395(073) | ||
| 920 | _a83-02-05459-3 (cz. 1) | ||
| 920 | _a83-02-05458-5 (całość) | ||
| 942 | _cKS | ||
| 008 | s pl f |000 0 pol | ||
| 999 |
_c52793 _d52793 |
||
| 856 |
_uhttp://koha.tu.koszalin.pl/cgi-bin/koha/opac-detail.pl?biblionumber=52793 _yKatalog online BPK |
||